000 00315nam a2200133 i 4500
001 bg
100 1 _aNOWIKOW, W. W.
245 0 _aTeoreticeskie osnowy mikroelektroniki /
_cW.W. Nowikow.
260 _aMoskwa,
_c1972.
040 _cBPK
041 _apol
942 _cKS
008 s pl f |000 0 pol
999 _c15277
_d15277
856 _uhttp://koha.tu.koszalin.pl/cgi-bin/koha/opac-detail.pl?biblionumber=15277
_yKatalog online BPK